Movies Quiz

Random Movies or Disney Quiz

Finding Nemo Address Quiz Stats

 Plays Quiz Updated Feb 23, 2019

Score 0/6 Timer 01:00
3 Plays Today
% Correct
Sydney
94.4%
Way
91.8%
Wallaby
88.7%
P.
84.6%
Sherman
84%
42
82.4%

You're not logged in!

Compare scores with friends on all Sporcle quizzes.
OR
Log In

Sporcle TV

Today on Sporcle TV


Watch our educational content, quiz creation guides, and fun videos on Sporcle TV.

Show Comments

Extras

Top Quizzes Today


Score Distribution

Your Account Isn't Verified!

In order to create a playlist on Sporcle, you need to verify the email address you used during registration. Go to your Sporcle Settings to finish the process.

Report this User

Report this user for behavior that violates our Community Guidelines.

Details: